Statistics for "I" Antonyms

Click here to take the quiz!

General Stats

  • This quiz has been taken 70 times
  • The average score is 11 of 20

Answer Stats

WordI Antonyms% Correct
OutIn
100%
ExhaleInhale
95%
HealthyILL / Infirm
81%
EbonyIvory
79%
CoastalInland
76%
GeniusIdiot
74%
ContinentIsland
71%
ComplimentInsult
66%
AdultInfant
65%
ExtinguishIgnite
56%
TrivialImportant
52%
BrokenIntact
48%
DifferentIdentical
44%
PureImpure
44%
StudentInstructor
40%
AdulthoodInfancy
39%
VomitIngest
31%
CrowdedIsolated
26%
SmallImmense
23%
BanInvite
10%

Score Distribution

Percentile by Number Answered

Percent of People with Each Score

Your Score History

You have not taken this quiz